00297nam a2200133Ia 4500008004100000100001400041245002000055250001200075260003300087300000800120650001300128942000700141999001500148190216s9999||||xx |||||||||||||| ||und|| aM.N Arora 0aCost Accounting a1st Ed. bVikas Publishing Housec2008 a530 aCommerce cBK c8250d8250